00399nam a2200169Ia 4500003000900000008004100009040001300050040001300063041000800076100002300084245007300107260001300180260000900193300001100202300001000213490000600223IT-RoPAU120407s9999 xx 000 0 und d aIT-RoPAU cIT-RoPAU afra aClaude Tresmontant aComment se pose aujourd’hui le problème de l’existence de Dieu aDu Seuil c1966 a428 p. c20 cm v1